Представление документа в формате MARC21

Поле Инд. ПП Название Значение
Тип записи a
Библиографический уровень m
001 Контрольный номер UNIDUBNA6466debc0b6e4a57a280446d739fa404
005 Дата корректировки 20260330094523.5
008 Кодируемые данные 20160609
020 a ISBN 978-5-534-15469-6
040 b Код языка каталог. rus
e Правила каталог. PSBO
041 0_ a Код языка текста rus
084 a Индекс другой классификации/Индекс ББК 67.401.1я73; 67.401.02я73
100 1_ a Автор Васильев В. П.
q Полное имя Васильев Владимир Петрович
100 1_ a Автор Деханова Н. Г.
q Полное имя Деханова Наталья Геннадьевна
100 1_ a Автор Холоденко Ю. А.
q Полное имя Холоденко Юрий Александрович
245 10 a Заглавие Государственное и муниципальное управление
b Продолж. заглавия учебник и практикум для вузов
c Ответственность рецензенты В. М. Кульков, В. Ю. Леденева
250 a Основные сведения об издании 5-е изд., перераб. и доп.
260 b Издательство Юрайт
c Дата издания 2024
a Место издания Москва
300 a Объем 314 с.
336 a Термин вида содержания Текст
337 a Термин типа средства электронный
440 _0 a Серия Высшее образование
504 a Библиография Рек. лит. - Интернет-ресурсы: с. 312. - Новые изд.: с. 313
521 0_ a Примеч. о целев. назн. студенты
650 04 a Основная рубрика административное право
a Основная рубрика право
653 0_ a Ключевые слова административные реформы
a Ключевые слова антимонопольное регулирование
a Ключевые слова бизнес-структуры
a Ключевые слова бюджет
a Ключевые слова бюджетный федерализм
a Ключевые слова глобализация
a Ключевые слова государственная служба
a Ключевые слова государственное управление
a Ключевые слова государственные финансы
a Ключевые слова государственный бюджет
a Ключевые слова государство
a Ключевые слова занятость населения
a Ключевые слова зарубежный опыт
a Ключевые слова конфликт интересов
a Ключевые слова межбюджетные отношения
a Ключевые слова менеджмент
a Ключевые слова местное самоуправление
a Ключевые слова монетарная политика
a Ключевые слова муниципальная служба
a Ключевые слова муниципальное управление
a Ключевые слова муниципальные образования
a Ключевые слова муниципальный бюджет
a Ключевые слова муниципальный заказ
a Ключевые слова налоговая система
a Ключевые слова налоговое регулирование
a Ключевые слова органы государственной власти
a Ключевые слова органы муниципальной власти
a Ключевые слова Российская Федерация
a Ключевые слова Россия
a Ключевые слова рынок труда
a Ключевые слова социальная защита населения
a Ключевые слова социальная политика
a Ключевые слова социоэкономическая политики
a Ключевые слова стратегическое планирование
a Ключевые слова структура органов власти
a Ключевые слова уровень жизни
a Ключевые слова х управленческие решения
a Ключевые слова цифровые технологии
a Ключевые слова экономическая политика
a Ключевые слова электронное правительство
655 a Жанр/ форма (устаревшее) учебное пособие
700 12 a Автор Кульков В. М.
e Роль лиц рецензент
700 12 a Автор Леденева В. Ю.
e Роль лиц рецензент
856 40 a Имя сервера/домена ЭБС ЮРАЙТ
d Путь https://urait.ru
i Указания/сценарий входа Доступ по логину и паролю
u URL https://urait.ru/bcode/540833
v Время доступа к ресурсу 25.03.2027
y Справочный текст Электронная версия
900 a Имя электронного ресурса obl_Vasilev_Gos
x Справочная информация Обложка
900 x Справочная информация Полный текст
901 t Тип документа 0
952 a Тип литературы для КСУ ВШ УИ
a Тип литературы для КСУ ВШ ПРА